Smelly socks / (Record no. 114761)
[ view plain ]
| 000 -LEADER | |
|---|---|
| fixed length control field | 00524nam a2200169 a 4500 |
| 005 - DATE AND TIME OF LATEST TRANSACTION | |
| control field | 20140414132111.0 |
| 008 - FIXED-LENGTH DATA ELEMENTS--GENERAL INFORMATION | |
| fixed length control field | 110513s19uu xx 00 eng d |
| 020 ## - INTERNATIONAL STANDARD BOOK NUMBER | |
| International Standard Book Number | 043964948X |
| 050 ## - LIBRARY OF CONGRESS CALL NUMBER | |
| Classification number | TR |
| Item number | SM3 2004 |
| 100 ## - MAIN ENTRY--PERSONAL NAME | |
| Personal name | Munsch, Robert N., 1945- |
| 245 ## - TITLE STATEMENT | |
| Title | Smelly socks / |
| Statement of responsibility, etc | by Robert Munsch ; illustrated by Michael Martchenko. |
| 260 ## - PUBLICATION, DISTRIBUTION, ETC. (IMPRINT) | |
| Place of publication, distribution, etc | New York : |
| Name of publisher, distributor, etc | Scholastic, |
| Date of publication, distribution, etc | c2004. |
| 300 ## - PHYSICAL DESCRIPTION | |
| Extent | 28 p. : col. ill. ; 20 cm. |
| 650 ## - SUBJECT ADDED ENTRY--TOPICAL TERM | |
| Topical term or geographic name as entry element | Hygiene |
| General subdivision | Juvenile fiction. |
| 650 ## - SUBJECT ADDED ENTRY--TOPICAL TERM | |
| Topical term or geographic name as entry element | Body odor |
| General subdivision | Juvenile fiction. |
| Withdrawn status | Lost status | Damaged status | Use restrictions | Home library | Current library | Shelving location | Date acquired | Source of acquisition | Cost, normal purchase price | Total Checkouts | Full call number | Barcode | Date last seen | Price effective from | Koha item type |
|---|---|---|---|---|---|---|---|---|---|---|---|---|---|---|---|
| Munich Library | Munich Library | Teachers Reference Section | 05/13/2011 | 135.00 | TR SM3 2004 | M6656 | 04/14/2014 | 04/14/2014 | Books |